000 00720cpmaa2200229 4500
001 mm 79000452
003 DLC
005 20260227111631.0
008 790403|||||||||||| eng
010 _amm 79000452
040 _aDLC
_cDLC
_edacs
_dDLC
072 7 _aR
_2lcmd
100 1 _aCave, George,
_d1856-1928.
245 0 0 _aGeorge Cave correspondence,
_f1910.
300 _a1
_fitem.
506 0 _aOpen to research.
546 _aCollection material in English.
545 0 _aJurist.
580 _aForms part of: Miscellaneous Manuscripts collection.
656 7 _aJurists.
_2itoamc
999 _c40394
_d40394